Veselý zajačik

Bibliographic Details
Format: Photo
Language:Slovak
English
PhysicalDescription:[32] obr. s. čiernobiele ilustr. 34 x 22 cm 1 vodové farby + 1 štetec
Published: Bratislava Svojtka 2011
ISBN:9788081073717 (brož.)
Edition:1. slov. vyd.
Series:Zábavné maľovanky
Subjects:

MARC

LEADER 00000nkm a2200000 a 4500
001 vtls010343509
003 SK-MaSNL
005 20260302012123.0
007 kf co
008 200701s2011 xo a knslo
015 |a SNBG2012/02-00561 
020 |a 9788081073717 (brož.) 
040 |a SNK  |b slo  |c SNK  |e AACR2 
041 1 |a slo  |h eng 
044 |a xo  |c SK 
072 7 |a 0/9-053.2  |x Literatúra pre deti a mládež (náučná)  |2 konspekt 
080 |a 592/599  |2 2001 
080 |a (084.053.2)  |2 2001 
130 0 |a Walter fun colouring book russell rabit  |l Slovensky  |9 653577 
245 1 0 |a Veselý zajačik  |h grafika 
250 |a 1. slov. vyd. 
260 |a Bratislava  |b Svojtka  |c 2011 
300 |a [32] obr. s.  |b čiernobiele ilustr.  |c 34 x 22 cm  |e 1 vodové farby + 1 štetec 
490 1 |a Zábavné maľovanky 
500 |a Názov z obalu 
650 0 7 |a zvieratá  |2 SNKPH  |9 1091 
650 0 7 |a Animals  |2 SNKPHeng  |9 267568 
655 7 |a omaľovanky  |2 SNKPH  |9 329803 
655 7 |a Colouring books  |2 SNKPHeng  |9 302494 
830 0 |a Zábavné maľovanky  |9 329804 
919 |a 978-80-8107-371-7 
958 |a GBN 
958 |a UP 
999 |c 1008513  |d 1010443 
952 |a SNK  |b SNK  |y PREZ  |7 0  |p 17A0878890  |o snkOSB 16620  |i snk2012/4721  |8 0  |3 Príloha: 1 vodové farby + 1 štetec  |0 0  |1 0  |4 0  |d 2012-02-22  |l 0  |r 2026-02-24 12:43:19  |w 2026-02-24 
952 |a SNK  |b SNK  |y PREZ  |7 0  |p 17A0878889  |o snkOSB 16620/príl.  |i snk2012/4721  |8 0  |3 Príloha: 1 vodové farby + 1 štetec  |z Príloha  |0 0  |1 0  |4 0  |d 2012-02-22  |l 0  |r 2026-02-24 12:43:19  |w 2026-02-24 
952 |a SNK  |b SNK  |y PREZ  |7 0  |p 17A0878888  |o snkOSB 16620 D1  |i snk2012/4722  |8 0  |3 Príloha: 1 vodové farby + 1 štetec  |0 0  |1 0  |4 0  |d 2012-02-22  |l 0  |r 2026-02-24 12:43:19  |w 2026-02-24 
952 |a SNK  |b SNK  |y PREZ  |7 0  |p 17A0878887  |o snkOSB 16620/príl. D1  |i snk2012/4722  |8 0  |3 Príloha: 1 vodové farby + 1 štetec  |z Príloha  |0 0  |1 0  |4 0  |d 2012-02-22  |l 0  |r 2026-02-24 12:43:19  |w 2026-02-24